<?xml version="1.0" encoding="UTF-8"?>
<record
    xmlns:xsi="http://www.w3.org/2001/XMLSchema-instance"
    xsi:schemaLocation="http://www.loc.gov/MARC21/slim http://www.loc.gov/standards/marcxml/schema/MARC21slim.xsd"
    xmlns="http://www.loc.gov/MARC21/slim">

  <leader>01204nam1a22003011i 4500</leader>
  <controlfield tag="001">RU\NLR\INFOCOMM_223\5000057244</controlfield>
  <controlfield tag="005">20240726035637.0</controlfield>
  <datafield tag="035" ind1=" " ind2=" ">
    <subfield code="a">(NLR Aleph) 009312939</subfield>
  </datafield>
  <datafield tag="090" ind1=" " ind2=" ">
    <subfield code="a">9348523</subfield>
    <subfield code="c">9348523</subfield>
  </datafield>
  <datafield tag="100" ind1=" " ind2=" ">
    <subfield code="a">20101116g19811982|||y0rusy50      ba</subfield>
  </datafield>
  <datafield tag="101" ind1="1" ind2=" ">
    <subfield code="a">eng</subfield>
    <subfield code="c">rus</subfield>
    <subfield code="f">rus</subfield>
  </datafield>
  <datafield tag="102" ind1=" " ind2=" ">
    <subfield code="a">RU</subfield>
  </datafield>
  <datafield tag="105" ind1=" " ind2=" ">
    <subfield code="a">y   ||||000|y</subfield>
  </datafield>
  <datafield tag="200" ind1="1" ind2=" ">
    <subfield code="a">Friction, wear, lubrication</subfield>
    <subfield code="e">Tribology, handbook</subfield>
    <subfield code="f">Ed. by I. V. Kragelsky, D. Sc. (Eng.), V. V. Alisin, Cand. Sc. (Eng.)</subfield>
    <subfield code="g">Transl. from the Russ. by Felix Palkin a. Valerian Palkin</subfield>
  </datafield>
  <datafield tag="205" ind1=" " ind2=" ">
    <subfield code="a">Rev. from the 1978 Russ. ed.</subfield>
  </datafield>
  <datafield tag="210" ind1=" " ind2=" ">
    <subfield code="a">&#x39C;.</subfield>
    <subfield code="c">Mir</subfield>
    <subfield code="d">1981-1982</subfield>
  </datafield>
  <datafield tag="215" ind1=" " ind2=" ">
    <subfield code="d">22 &#x441;&#x43C;</subfield>
  </datafield>
  <datafield tag="300" ind1=" " ind2=" ">
    <subfield code="a">&#x414;&#x43E;&#x43F;. &#x442;&#x438;&#x442;. &#x43B;. &#x43D;&#x430; &#x440;&#x443;&#x441;. &#x44F;&#x437;.: &#x422;&#x440;&#x435;&#x43D;&#x438;&#x435;, &#x438;&#x437;&#x43D;&#x430;&#x448;&#x438;&#x432;&#x430;&#x43D;&#x438;&#x435; &#x438; &#x441;&#x43C;&#x430;&#x437;&#x43A;&#x430; / &#x41F;&#x43E;&#x434; &#x440;&#x435;&#x434;. &#x418;. &#x412;. &#x41A;&#x440;&#x430;&#x433;&#x435;&#x43B;&#x44C;&#x441;&#x43A;&#x43E;&#x433;&#x43E; &#x438; &#x412;. &#x412;. &#x410;&#x43B;&#x438;&#x441;&#x438;&#x43D;&#x430;</subfield>
  </datafield>
  <datafield tag="320" ind1=" " ind2=" ">
    <subfield code="a">&#x411;&#x438;&#x431;&#x43B;&#x438;&#x43E;&#x433;&#x440;. &#x432; &#x43A;&#x43E;&#x43D;&#x446;&#x435; &#x433;&#x43B;&#x430;&#x432;</subfield>
  </datafield>
  <datafield tag="686" ind1=" " ind2=" ">
    <subfield code="a">&#x41A;413</subfield>
    <subfield code="2">rubbk</subfield>
  </datafield>
  <datafield tag="686" ind1=" " ind2=" ">
    <subfield code="a">&#x88;[&#x89;&#x422;&#x442;-&#x43C;-90]</subfield>
    <subfield code="2">rubbk</subfield>
  </datafield>
  <datafield tag="702" ind1=" " ind2="1">
    <subfield code="9">z01790</subfield>
    <subfield code="a">Kragel'skij</subfield>
    <subfield code="b">I. V.</subfield>
    <subfield code="g">Igor' Viktorovi&#x10D;</subfield>
    <subfield code="4">340</subfield>
  </datafield>
  <datafield tag="702" ind1=" " ind2="1">
    <subfield code="a">Alisin</subfield>
    <subfield code="b">V. V.</subfield>
    <subfield code="g">Valerij Vasil'evi&#x10D;</subfield>
    <subfield code="4">340</subfield>
  </datafield>
  <datafield tag="790" ind1=" " ind2="1">
    <subfield code="9">z01702</subfield>
    <subfield code="a">Kragelsky</subfield>
    <subfield code="b">I. V.</subfield>
    <subfield code="4">340</subfield>
  </datafield>
  <datafield tag="801" ind1=" " ind2="1">
    <subfield code="a">RU</subfield>
    <subfield code="b">NLR</subfield>
    <subfield code="c">20101116</subfield>
  </datafield>
  <datafield tag="801" ind1=" " ind2="0">
    <subfield code="a">RU</subfield>
    <subfield code="b">NLR</subfield>
    <subfield code="g">PSBO</subfield>
  </datafield>
  <datafield tag="852" ind1=" " ind2=" ">
    <subfield code="a">NLR</subfield>
    <subfield code="j">&#x422;37 &#x414;-5/180</subfield>
  </datafield>
  <datafield tag="942" ind1=" " ind2=" ">
    <subfield code="c">BOOK</subfield>
  </datafield>
</record>
